GUESS THE PLAYER WITH THE HIGHEST RATING IN FC 26 - B - COUNTRYS - Statistics

General Stats
  • This quiz has been taken 4 times
  • The average score is 3 of 11
Answer Stats
Country Player Overall % Correct
Belgium🇧🇪 thibaut courtois 89
100%
Bosnia and Herzegovina🇧🇦 edin džeko 81
100%
Brazil🇧🇷 raphinha 89
50%
Burkina Faso🇧🇫 edmond tapsoba 81
25%
Bolivia🇧🇴 carlos lampe 72
0%
Bulgaria🇧🇬 kiril despodov 77
0%
Benin🇧🇯 steve mounié 73
0%
Bangladesh🇧🇩 hamaza choudhury 72
0%
Belarus🇧🇾 ilya shkurin 69
0%
Barbados🇧🇧 thierry gale 63
0%
Burundi🇧🇮 youssouf ndayishimiye 77
0%
No matching quizzes found
Score Distribution
Percent of People with Each Score
Percentile by Number Answered
Your Score History
You have not taken this quiz